00632nam a2200193Ia 4500003000400000005001700004008004100021040000700062041000800069082001500077100002700092245007200119260004800191300000900239650002300248942001300271999001900284952013500303OSt20250806150920.0250729s2005 xx 000 0 und d cAL aeng a371.4 RAOT aRao Digumurthi9221030 aTechnical and vocational education and training in the 21st century aNew DelhibDiscovery Publishing Housec2005 a201p aTechnology9221031 2ddccBED c234826d234826 001040708BEDaALbALd2025-07-29eSita Book Houseg140.00l0o371.4 RAOTpBED00145r2025-07-29 16:53:29v140.00w2025-07-29yBK